000 00402nam a22001457a 4500
005 20251105151433.0
008 251105b |||||||| |||| 00| 0 eng d
020 _a0870945890
050 _aT21
_b.M374
100 _aMarrs, Texe W.
245 _aHigh Technology Careers
_cTexe W. Marrs
260 _aHomewood, Illinois
_bDow Jones- Irwin
_c1986
300 _avii. 177p.
_bill.
_c23.5cm
942 _2lcc
_cBK
_n0
999 _c8081
_d8081